[Event "AUTO-OPEN-1847"]
[Site "http://www.queenalice.com/game.php?id=718485"]
[Date "2010.1.22"]
[Round "1"]
[White "boydelta"]
[Black "don1kiko"]
[Result "1-0"]
[WhiteElo "2286"]
[BlackElo "1784"]

1. e4 c5 2. Nf3 Nc6 3. g3 e5 4. d3 d6 5. Bg2 Bg4 6. Nbd2 Nd4 7. c3 Nxf3+ 8. Nxf3
h6 9. O-O Nf6 10. Qb3 Qd7 11. Re1 Be6 12. Qa3 g5 13. c4 Be7 14. Rb1 b5 15. b3 a5
16. Qb2 b4 17. a3 Nh7 18. a4 f5 19. exf5 Bxf5 20. Nxe5 1-0

[Event "AUTO-OPEN-1847"]
[Site "http://www.queenalice.com/game.php?id=718486"]
[Date "2010.1.22"]
[Round "1"]
[White "don1kiko"]
[Black "boydelta"]
[Result "0-1"]
[WhiteElo "1870"]
[BlackElo "2028"]

1. c4 e5 2. Nc3 f5 3. e4 d6 4. d3 Nf6 5. Bg5 Be7 6. Bxf6 Bxf6 7. Qh5+ g6 8. Qf3
f4 9. g3 O-O 10. g4 Nc6 11. Nge2 Bh4 12. h3 Be6 13. a3 a5 14. b3 Rf7 15. Nb5 Qe7
16. Nec3 Qf8 17. Nd5 Rc8 18. g5 Bxg5 19. h4 Bd8 20. h5 g5 21. Bh3 Qe8 22. h6 Qd7
23. Bxe6 Qxe6 24. Qh5 Nb8 25. Na7 Nc6 26. Nxc8 Qxc8 27. O-O-O Qe6 28. Rdg1 Qg6
29. Qg4 Kf8 30. f3 Nd4 31. Kb2 Ne6 32. b4 c6 33. Nc3 Ke8 34. b5 Bb6 35. Rg2 Kd8
36. bxc6 bxc6 37. Na4 Bd4+ 38. Ka2 Kc7 39. Nb2 Rf6 40. Rgh2 Qe8 41. Rb1 Qf8 42.
Qh5 Rg6 43. Na4 Qf7 44. Rb3 Qg8 45. Qg4 Rf6 46. Rh1 Qa8 47. Qh3 Qc8 48. Qf1 Rg6
49. Qe1 Qa8 50. Qe2 Qa6 51. Qh2 Qa8 52. Rhb1 Qc8 53. Qd2 Qa6 54. Rb7+ Qxb7 55.
Rxb7+ Kxb7 56. Qxa5 Rxh6 57. Qb4+ Kc7 58. Qd2 g4 59. fxg4 Rh3 60. Qa5+ Kd7 61.
Nb6+ Bxb6 62. Qxb6 Rxd3 63. a4 Rd2+ 64. Ka3 Rd4 65. a5 f3 66. Qb2 Nc5 67. Qh2
Kc8 68. g5 Rxc4 69. Qh3+ Kb7 70. Qxh7+ Ka6 71. Qf7 Ra4+ 72. Kb2 Nxe4 73. g6 Rb4+
74. Kc2 Ng5 75. Qf5 Rf4 76. Qxg5 f2 77. g7 f1=Q 78. g8=Q Qe2+ 79. Kc3 Qe3+ 80.
Kc2 Rf2+ 81. Kb1 Qd3+ 0-1

[Event "AUTO-OPEN-1847"]
[Site "http://www.queenalice.com/game.php?id=718513"]
[Date "2010.1.22"]
[Round "1"]
[White "don1kiko"]
[Black "JATS"]
[Result "1-0"]
[WhiteElo "1784"]
[BlackElo "1356"]

1. c4 d5 2. cxd5 Qxd5 3. Nc3 Qd6 4. e4 e5 5. Qb3 Be7 6. Bc4 Be6 7. Bxe6 fxe6 8.
Qxb7 Qd3 9. Qxa8 Nf6 10. Qxb8+ Bd8 11. Qb5+ Qd7 12. Qxd7+ Nxd7 13. Nf3 O-O 14.
O-O 1-0

[Event "AUTO-OPEN-1847"]
[Site "http://www.queenalice.com/game.php?id=718514"]
[Date "2010.1.22"]
[Round "1"]
[White "JATS"]
[Black "don1kiko"]
[Result "0-1"]
[WhiteElo "1358"]
[BlackElo "1782"]

1. Nc3 c5 2. Nf3 Nc6 3. e4 e5 4. Bc4 h6 5. d3 Nf6 6. Be3 a6 7. O-O d6 8. Nh4 Ng4
9. Qf3 Qxh4 10. Qxf7+ Kd8 11. h3 Nf6 12. Bd2 Nd4 13. Na4 Nd7 0-1

[Event "AUTO-OPEN-1847"]
[Site "http://www.queenalice.com/game.php?id=718515"]
[Date "2010.1.22"]
[Round "1"]
[White "don1kiko"]
[Black "House_MD"]
[Result "1-0"]
[WhiteElo "1821"]
[BlackElo "1465"]

1. c4 e5 2. Nc3 Nf6 3. e4 Bb4 4. Nge2 O-O 5. a3 Bxc3 6. Nxc3 Nc6 7. d3 h6 8. h3
Nd4 9. Be3 c5 10. g4 a6 11. Be2 Rb8 12. f4 d6 13. g5 hxg5 14. fxg5 Ne8 15. h4
Bd7 16. h5 b5 17. cxb5 axb5 18. b4 Be6 19. Nd5 Bxd5 20. exd5 Nc7 21. Bf3 Nxf3+
22. Qxf3 Ra8 23. bxc5 dxc5 24. Bxc5 Re8 25. d6 Ne6 26. Bb4 Nxg5 27. Qf5 f6 28.
h6 e4 29. hxg7 Kxg7 30. O-O-O Qc8+ 31. Qxc8 Raxc8+ 32. Kb2 exd3 33. Rxd3 Re2+
34. Kb3 Ne6 35. Rg3+ Kf7 36. Rh7+ Ke8 37. d7+ 1-0

[Event "AUTO-OPEN-1847"]
[Site "http://www.queenalice.com/game.php?id=718516"]
[Date "2010.1.22"]
[Round "1"]
[White "House_MD"]
[Black "don1kiko"]
[Result "0-1"]
[WhiteElo "1485"]
[BlackElo "1827"]

1. e4 c5 2. d4 cxd4 3. Qxd4 Nc6 4. Qd1 e5 5. Nf3 a6 6. Nc3 Bb4 7. Bd2 h6 8. a3
Bc5 9. b4 Ba7 10. Nd5 Nf6 11. Nxf6+ Qxf6 12. Be2 d6 13. O-O g5 14. h3 Nd4 15.
Nxd4 Bxd4 16. Rc1 b5 17. c3 Bb6 18. Be3 Rb8 19. Bxb6 Rxb6 20. c4 Bb7 21. Bf3 Rc6
22. c5 O-O 23. Re1 Rd8 24. Qb3 Rcc8 25. Bh5 d5 26. exd5 Bxd5 27. Qe3 Rc6 28.
Qxe5 Qxe5 29. Rxe5 Bc4 30. Rd1 Rxd1+ 31. Kh2 Ra1 32. Bf3 Rc7 33. Bd5 Rxa3 34.
Bxc4 bxc4 35. Re4 c3 36. Rc4 Rc6 37. g4 Kg7 38. Kg1 Ra1+ 39. Kg2 Rc1 40. Kf3 c2
41. Ke2 Kf6 42. Kd2 Rf1 43. Kxc2 Rxf2+ 44. Kc3 Rf3+ 45. Kd4 Rxh3 46. Kd5 Rc8 47.
c6 Re3 48. c7 Re6 49. Rc5 Ke7 50. Rc4 Kd7 51. Rc5 Rxc7 52. Rxc7+ Kxc7 0-1

[Event "AUTO-OPEN-1907"]
[Site "http://www.queenalice.com/game.php?id=744716"]
[Date "2010.3.11"]
[Round "1"]
[White "guilhermeco"]
[Black "don1kiko"]
[Result "0-1"]
[WhiteElo "1177"]
[BlackElo "1823"]

1. e4 c5 2. Qf3 Nc6 3. d3 Nd4 4. Qh5 Nxc2+ 5. Kd1 Nxa1 6. Be2 Qb6 7. Bg4 Nf6 8.
Qe5 Nxg4 9. Qg5 Nxf2+ 10. Ke1 Nxh1 11. Qe5 Nc2+ 12. Kd2 Nd4 13. Nh3 d6 14. Qd5
Be6 15. Qh5 g6 16. e5 gxh5 0-1

[Event "AUTO-OPEN-1907"]
[Site "http://www.queenalice.com/game.php?id=744717"]
[Date "2010.3.11"]
[Round "1"]
[White "don1kiko"]
[Black "guilhermeco"]
[Result "1-0"]
[WhiteElo "1821"]
[BlackElo "1179"]

1. c4 e5 2. Nc3 Qf6 3. Nf3 Nc6 4. Nd5 Qd6 5. e4 Nb4 6. Nxb4 Qxb4 7. Nxe5 d6 8.
Nf3 Qxc4 9. Bxc4 Be6 10. Qa4+ c6 11. Bxe6 fxe6 12. O-O O-O-O 13. Qxa7 Kd7 14.
Qxb7+ Ke8 15. Qxc6+ Rd7 16. a4 Nf6 17. a5 1-0

[Event "AUTO-OPEN-1907"]
[Site "http://www.queenalice.com/game.php?id=744744"]
[Date "2010.3.11"]
[Round "1"]
[White "luciopac"]
[Black "don1kiko"]
[Result "1-0"]
[WhiteElo "2239"]
[BlackElo "1823"]

1. e4 c5 2. Nf3 Nc6 3. d4 cxd4 4. Nxd4 e5 5. Nxc6 bxc6 6. c4 Bc5 7. Nc3 Qf6 8.
Qc2 Nh6 9. Bxh6 Qxh6 10. g3 Ba6 11. a3 Bd4 12. Ne2 Bb6 13. Bg2 O-O 14. O-O f5
15. exf5 Rf6 16. b4 Rb8 17. Rad1 Rd8 18. Qa4 Bxc4 19. Qc2 d5 20. a4 e4 21. a5
Bc7 22. Rfe1 Rxf5 23. Bxe4 Rxf2 24. Kxf2 Rf8+ 25. Kg2 Bxe2 26. Rxe2 dxe4 27.
Qxe4 c5 28. Qc4+ Kh8 29. Qxc5 Rc8 30. Qxc7 1-0

[Event "AUTO-OPEN-1907"]
[Site "http://www.queenalice.com/game.php?id=744745"]
[Date "2010.3.11"]
[Round "1"]
[White "don1kiko"]
[Black "luciopac"]
[Result "0-1"]
[WhiteElo "1850"]
[BlackElo "2168"]

1. c4 Nf6 2. d4 c6 3. Nc3 d5 4. c5 Bg4 5. h3 Bh5 6. g4 Bg6 7. Bg2 h5 8. g5 Ne4
9. Nxe4 dxe4 10. e3 e5 11. h4 exd4 12. Qxd4 Na6 13. Ne2 Bxc5 14. Qxg7 Rf8 15.
Qe5+ Qe7 16. Qxe7+ Kxe7 17. a3 Rad8 18. b4 Nxb4 19. O-O Nd3 20. Ng3 Bd6 21. Nxe4
Be5 22. Ra2 Bf5 23. Ng3 Be6 24. Rc2 Bb3 25. Re2 Rd7 26. f4 Bh8 27. Nf5+ Kd8 28.
Nd4 Bxd4 29. exd4 Nxc1 30. Rxc1 Rxd4 31. Re3 Bd1 32. Bf3 Bxf3 33. Rxf3 Re8 34.
Kf1 Ree4 35. Rcc3 Rxf4 36. Kg2 Rxh4 37. Rxf7 Rdg4+ 38. Rg3 Rxg3+ 39. Kxg3 Rg4+
40. Kf3 Rxg5 41. Rxb7 Ra5 42. Rh7 Rxa3+ 43. Ke2 Ra5 44. Kd3 Kc8 45. Kc3 Kb8 46.
Kd3 Rb5 47. Kc3 a5 48. Rg7 a4 0-1

[Event "AUTO-OPEN-1907"]
[Site "http://www.queenalice.com/game.php?id=744762"]
[Date "2010.3.11"]
[Round "1"]
[White "LEOKnopp"]
[Black "don1kiko"]
[Result "0-1"]
[WhiteElo "1408"]
[BlackElo "1825"]

1. e4 c5 2. e5 d5 3. Bb5+ Bd7 4. Nc3 Bxb5 5. Nxb5 a6 6. e6 axb5 7. d3 fxe6 8.
Qh5+ g6 9. Qe5 Nf6 10. Nf3 Qd6 11. Qe2 Nbd7 12. Ng5 e5 13. b4 c4 14. d4 h6 15.
Nf3 e4 16. Ne5 Nxe5 17. Bf4 Qxb4+ 18. Bd2 c3 19. Bf4 Nc4 20. O-O Na3 21. Be5 Bg7
22. g3 Qa4 23. Qe1 Nxc2 24. Qe2 Nxa1 25. Rxa1 b4 26. g4 Qd7 27. Rb1 Ra4 28. a3
O-O 29. axb4 Qxg4+ 30. Qxg4 Nxg4 31. Bf4 Rxf4 32. Kg2 Rxf2+ 33. Kg3 h5 34. b5
Rxh2 35. Kf4 Bh6+ 36. Kg3 Raa2 37. Rg1 Be3 38. Rc1 Rag2# 0-1

[Event "AUTO-OPEN-1907"]
[Site "http://www.queenalice.com/game.php?id=744763"]
[Date "2010.3.11"]
[Round "1"]
[White "don1kiko"]
[Black "LEOKnopp"]
[Result "1-0"]
[WhiteElo "1829"]
[BlackElo "1522"]

1. c4 e5 2. Nc3 Bb4 3. Nd5 Nc6 4. a3 Ba5 5. b4 Bb6 6. c5 e4 7. cxb6 axb6 8. Bb2
Nf6 9. Nxf6+ gxf6 10. e3 d5 11. Bb5 Bd7 12. Qh5 Rg8 13. Qxh7 Rxg2 14. Qh8+ Ke7
15. Bxf6+ Ke6 16. Bxd8 Nxd8 17. Qh3+ Kd6 18. Qxd7+ Ke5 19. Qxc7+ Kf5 20. Bd7+
Ne6 21. Qf4+ Kg6 22. h4 Nxf4 23. exf4 Rd8 24. h5+ Kh6 25. Bf5 e3 26. fxe3 d4 27.
Be4 Rg3 28. Kf2 Rdg8 29. Ne2 dxe3+ 30. dxe3 f5 31. Bxb7 R8g7 32. Nxg3 Rxb7 33.
Nxf5+ Kh7 34. Rhg1 Rc7 35. h6 Rc2+ 36. Kf3 Rd2 37. Rg7+ Kh8 38. Rc1 Rd8 39. Nh4
Rd7 40. Rc8+ Rd8 41. Ng6# 1-0

[Event "AUTO-ADV-1728"]
[Site "http://www.queenalice.com/game.php?id=761327"]
[Date "2010.4.15"]
[Round "1"]
[White "don1kiko"]
[Black "agsantos"]
[Result "1-0"]
[WhiteElo "1847"]
[BlackElo "1747"]

1. c4 e5 2. Nc3 Nf6 3. e4 Bb4 4. Nge2 O-O 5. a3 Bxc3 6. Nxc3 Nc6 7. h3 d6 8. d3
a6 9. Bg5 Nd4 10. Nd5 h6 11. Nxf6+ gxf6 12. Bxh6 Re8 13. f4 Kh8 14. f5 Kh7 15.
Be3 Kg7 16. Qg4+ Kf8 17. Bh6+ Ke7 18. Qd1 Rh8 19. Be3 c5 20. b4 b6 21. g4 Bd7
22. g5 Qg8 23. gxf6+ Kxf6 24. Rg1 Qh7 25. Bg5+ Kg7 26. Be7+ Kh6 27. Qd2+ Kh5 28.
Qg5# 1-0

[Event "AUTO-ADV-1728"]
[Site "http://www.queenalice.com/game.php?id=761328"]
[Date "2010.4.15"]
[Round "1"]
[White "agsantos"]
[Black "don1kiko"]
[Result "0-1"]
[WhiteElo "1734"]
[BlackElo "1859"]

1. e4 c5 2. Bc4 Nc6 3. Nf3 h6 4. d4 cxd4 5. Nxd4 e5 6. Nxc6 bxc6 7. O-O Nf6 8.
f3 Bc5+ 9. Kh1 O-O 10. Nd2 d5 11. Bb3 Ba6 12. c4 dxc4 13. Bxc4 Qb6 14. a3 Be3
15. Bxa6 Qxa6 16. Nb3 Rad8 17. Qe1 Bb6 18. Be3 Bxe3 19. Qxe3 Qb5 20. a4 Qd3 21.
Qxd3 Rxd3 22. Nc5 Rd2 23. b3 Rfd8 24. g4 g5 25. Nb7 R8d4 26. Na5 Rc2 27. Rac1
Rdd2 28. Nxc6 Rxh2+ 29. Kg1 Rcg2# 0-1

[Event "AUTO-ADV-1728"]
[Site "http://www.queenalice.com/game.php?id=761329"]
[Date "2010.4.15"]
[Round "1"]
[White "don1kiko"]
[Black "thw"]
[Result "1-0"]
[WhiteElo "1860"]
[BlackElo "1878"]

1. c4 e5 2. Nc3 Nf6 3. e4 Bc5 4. h3 O-O 5. a3 Nc6 6. Nf3 d6 7. d3 a6 8. Bg5 h6
9. Bh4 Nd4 10. Nd5 Ne6 11. Nxf6+ gxf6 12. Qd2 Kg7 13. g4 Ng5 14. Be2 c6 15. b4
Ba7 16. Bg3 d5 17. h4 Nxf3+ 18. Bxf3 dxc4 19. dxc4 Qxd2+ 20. Kxd2 Rd8+ 21. Ke2
Be6 22. Rac1 Rd4 23. c5 Rad8 24. Rhd1 Bb8 25. Rxd4 Rxd4 26. Rd1 Bc4+ 27. Ke1 Bd3
28. h5 Bc7 29. Bg2 a5 30. f3 axb4 31. axb4 Rd8 32. Bf2 Bc2 33. Rxd8 Bxd8 34. Kd2
Bb3 35. Bf1 Be7 36. b5 cxb5 37. Bxb5 Bd8 38. Bd7 Bc7 39. Bc8 Ba5+ 40. Kc1 Bb4
41. Bxb7 Ba3+ 42. Kd2 Bb4+ 43. Kd3 Bd1 44. c6 Bd6 45. Bb6 Bxf3 46. Bc8 Kf8 47.
c7 1-0

[Event "AUTO-ADV-1728"]
[Site "http://www.queenalice.com/game.php?id=761330"]
[Date "2010.4.15"]
[Round "1"]
[White "thw"]
[Black "don1kiko"]
[Result "0-1"]
[WhiteElo "1863"]
[BlackElo "1833"]

1. e4 c5 2. Nf3 Nc6 3. d4 cxd4 4. Nxd4 e5 5. Nxc6 bxc6 6. Nc3 Bb4 7. Bd2 Nf6 8.
Bd3 d5 9. exd5 cxd5 10. O-O O-O 11. a3 Bc5 12. Bg5 Be6 13. Na4 Be7 14. Re1 e4
15. Be2 h6 16. Bh4 Qd7 17. Nc3 Rad8 18. h3 g5 19. Bg3 d4 20. Na2 Bc5 21. Be5 Nh7
22. Bg4 f5 23. Bh5 e3 24. fxe3 dxe3 25. Qxd7 Rxd7 26. Nc3 a5 27. Rad1 e2+ 28.
Kh1 exd1=Q 29. Rxd1 Rfd8 0-1

[Event "AUTO-ADV-1728"]
[Site "http://www.queenalice.com/game.php?id=761331"]
[Date "2010.4.15"]
[Round "1"]
[White "don1kiko"]
[Black "fantasigno"]
[Result "0-1"]
[WhiteElo "1798"]
[BlackElo "1933"]

1. c4 e5 2. Nc3 Nf6 3. e4 Nc6 4. a3 a5 5. d3 d6 6. Bg5 Be7 7. h3 O-O 8. Nf3 Be6
9. Bxf6 Bxf6 10. Nd5 Bxd5 11. cxd5 Nd4 12. Nxd4 exd4 13. Be2 c5 14. O-O b5 15.
Rb1 b4 16. a4 Re8 17. f4 Qd7 18. Bg4 Qb7 19. b3 Re7 20. Bf3 Rae8 21. Qe1 Qa6 22.
Rd1 Qc8 23. Bg4 Qd8 24. Qg3 Rc7 25. Rde1 Bh4 26. Qf3 Bxe1 27. Rxe1 Rce7 28. h4
g6 29. h5 f5 30. Bh3 Rg7 31. h6 Qh4 32. Re2 Qxh6 0-1

[Event "AUTO-ADV-1728"]
[Site "http://www.queenalice.com/game.php?id=761332"]
[Date "2010.4.15"]
[Round "1"]
[White "fantasigno"]
[Black "don1kiko"]
[Result "1-0"]
[WhiteElo "1922"]
[BlackElo "1809"]

1. d4 c5 2. Nf3 cxd4 3. Nxd4 e5 4. Nb3 Nc6 5. e4 Bb4+ 6. Bd2 Bc5 7. Nxc5 d6 8.
Nb3 a6 9. Bc4 Nf6 10. Qf3 Bg4 11. Qd3 Qc7 12. a4 Rc8 13. O-O O-O 14. Nc3 Nb4 15.
Qg3 Bh5 16. Be2 Bg6 17. f4 exf4 18. Rxf4 Nxc2 19. Rc1 Qb6+ 20. Qf2 Qxf2+ 21.
Rxf2 Nb4 22. Rf4 Nc6 23. Rcf1 Ne5 24. Nd4 h6 25. Nf5 Bxf5 26. Rxf5 Nfd7 27. Rh5
g5 28. Rxh6 f6 29. Bh5 Kg7 30. Bxg5 fxg5 31. Rxf8 Rxf8 32. Rxd6 Rf6 33. Rd1 Kh6
34. Be8 Nc5 35. Rd5 Ned3 36. b4 Nxa4 37. Bxa4 Nxb4 38. Rd8 b5 39. Nd5 Nxd5 40.
Bxb5 1-0

[Event "AUTO-ADV-1837"]
[Site "http://www.queenalice.com/game.php?id=805210"]
[Date "2010.7.18"]
[Round "1"]
[White "luizpessoa"]
[Black "don1kiko"]
[Result "1-0"]
[WhiteElo "1748"]
[BlackElo "1847"]

1. d4 d5 2. Bf4 Nc6 3. Nc3 a6 4. e3 Bf5 5. g3 Nb4 6. Bd3 Nxd3+ 7. cxd3 h6 8. h3
g5 9. g4 gxf4 10. gxf5 Nf6 11. e4 dxe4 12. dxe4 Bg7 13. e5 Nd5 14. Nxd5 Qxd5 15.
f3 Rd8 16. f6 exf6 17. exf6 Bxf6 18. Ne2 Qxf3 19. Rf1 1-0

[Event "AUTO-ADV-1837"]
[Site "http://www.queenalice.com/game.php?id=805211"]
[Date "2010.7.18"]
[Round "1"]
[White "don1kiko"]
[Black "luizpessoa"]
[Result "0-1"]
[WhiteElo "1827"]
[BlackElo "1768"]

1. c4 Nc6 2. d4 d6 3. d5 Na5 4. e4 e6 5. Qa4+ c6 6. Bd2 b6 7. dxc6 Qc7 8. Bxa5
bxa5 9. Nf3 e5 10. Nc3 Nf6 11. Nd5 Nxd5 12. cxd5 Bg4 13. Nd2 Be7 14. Nc4 O-O 15.
h3 Bh5 16. Nxa5 Bg5 17. g4 Bg6 18. Bd3 Qb6 0-1

[Event "AUTO-ADV-1837"]
[Site "http://www.queenalice.com/game.php?id=805230"]
[Date "2010.7.18"]
[Round "1"]
[White "don1kiko"]
[Black "vitorpc"]
[Result "1-0"]
[WhiteElo "1835"]
[BlackElo "1596"]

1. c4 Nf6 2. Nc3 e6 3. a3 a5 4. d4 d6 5. Bg5 Nbd7 6. e4 Be7 7. Nf3 O-O 8. Bd3 h6
9. Bh4 b6 10. O-O Bb7 11. e5 1-0

[Event "AUTO-ADV-1837"]
[Site "http://www.queenalice.com/game.php?id=805231"]
[Date "2010.7.18"]
[Round "1"]
[White "vitorpc"]
[Black "don1kiko"]
[Result "0-1"]
[WhiteElo "1590"]
[BlackElo "1841"]

1. e4 c5 2. Nf3 Nc6 3. d4 cxd4 4. Nxd4 e5 5. Nf3 Bc5 6. Nc3 h6 7. Bb5 Nge7 8.
O-O a6 9. Bxc6 Nxc6 10. Re1 d6 11. Nd5 Bg4 12. h3 Bh5 0-1